| 000 | 00962nam a2200253Ia 4500 | ||
|---|---|---|---|
| 003 | OSt | ||
| 005 | 20221005104731.0 | ||
| 006 | a|||||r|||| 00| 0 | ||
| 007 | ta | ||
| 008 | 221004b |||||||| |||| 00| 0 hin d | ||
| 024 | _a27353 | ||
| 037 |
_bGift, 22/07/2016, _cTextual |
||
| 040 |
_aCRL _cCRL _bhin |
||
| 041 |
_2hin _ahin |
||
| 082 | _aQ:(R), 152N1 | ||
| 100 | _aवर्मा, वेद प्रकाश | ||
| 245 | 0 | _aधर्म दर्शन की मूल समस्याएॅं | |
| 246 | _aDharma darshan kī mūl samasyāeॅan | ||
| 260 |
_aदिल्ली _bविश्वविद्यालय हिन्दी माध्यम कार्यान्वय निदेशालय भारत _c1991 |
||
| 300 |
_a587पृ0 _ccm. |
||
| 650 | _aधर्म | ||
| 942 |
_hQ:(R), 152N1 _cTEXL _2cc |
||
| 999 |
_c1013624 _d1013624 |
||